| 000 | 00639nam a2200229Ia 4500 | ||
|---|---|---|---|
| 003 | OSt | ||
| 005 | 20240422112944.0 | ||
| 008 | 210427s2019 xx 000 0 und d | ||
| 020 | _a9788126585410 | ||
| 040 | _cAIMIT LIBRARY | ||
| 041 | _aeng | ||
| 082 | _a005.276 KOVA | ||
| 100 |
_aKovalevych, Alex _9161882 |
||
| 245 |
_aKong: _bbecoming a king of API gateways |
||
| 260 |
_aNew Delhi : _bDreamtech Press , _c2019. |
||
| 300 | _axii,177 p.; | ||
| 700 |
_aBuchanan, RTobert _9161883 |
||
| 700 |
_aLee, Daniel _9161884 |
||
| 700 |
_aMooy, Chelsy _9161885 |
||
| 906 | _aAPI gateway- a rapidly changing landscape | ||
| 942 |
_2ddc _cBK |
||
| 999 |
_c176744 _d176744 |
||